Science Quiz

Random Science or Animal Quiz

Australia Animals: Real or Fake Quiz Stats

 Plays Quiz Updated Nov 2, 2018

Score 0/30 Timer 02:00
11 Plays Today
Hint Real or Fake? % Correct
????
96.1%
????
81.1%
????
79.2%
????
77.1%
????
76.7%
????
76%
????
74.1%
????
72.5%
????
71.7%
????
68.7%
????
67.2%
????
66.9%
????
65.4%
????
63.2%
????
62.4%
Hint Real or Fake? % Correct
????
61.6%
????
59.2%
????
58.2%
????
56.9%
????
55.7%
????
53.8%
????
50.7%
????
50.6%
????
50.4%
????
45.5%
????
44.8%
????
44.7%
????
44.1%
????
43.5%
????
33%

You're not logged in!

Compare scores with friends on all Sporcle quizzes.
OR
Log In

Sporcle TV

Today on Sporcle TV


Watch our educational content, quiz creation guides, and fun videos on Sporcle TV.

Show Comments

Extras

Top Quizzes Today


Score Distribution

Your Account Isn't Verified!

In order to create a playlist on Sporcle, you need to verify the email address you used during registration. Go to your Sporcle Settings to finish the process.

Report this User

Report this user for behavior that violates our Community Guidelines.

Details: